000 nam a22 a 4500
999 _c396
_d396
003 AKMAL
005 20170503154722.0
008 170503s2006 my | e | 000 0 may d
020 _a9789833376223 (kkt.) :
_cRM28.00
040 _aAKMAL
082 0 4 _a080 JEN
_222
090 0 0 _a080
_bJEN
100 0 _aJeniri Amir,
_d1959-
_9901
245 1 0 _a7000 mutiara kata /
_cJeniri Amir
246 3 _aTujuh ribu mutiara kata
260 _aKuala Lumpur :
_bPTS Professional Pub.,
_c2006
300 _a364ms. ;
_c21cm.
520 _aBuku ni mengandungi koleksi lengkap 7000 mutiara kata sebagai panduan dalam kehidupan
650 1 0 _aQuotations, Malay
_9902
650 2 0 _aConduct of life
_vQuotations, maxims, etc.
_9903
942 _2ddc
_cBOOK
950 _lAKMAL